| 000 | 00552cam a2200169 a 4500 | ||
|---|---|---|---|
| 001 | 000004691 | ||
| 005 | 20200929151501.0 | ||
| 008 | 740104s1964 cl 000 0 spa d | ||
| 040 |
_aDO-SdBNP _bspa _cBNPHU |
||
| 082 |
_a860 _bT693p |
||
| 100 | 1 |
_aTorres-Rioseco, Arturo, _d1897- _913661 |
|
| 245 | 1 | 0 | _aPanorama de la literatura iberoamericana. |
| 260 |
_a[Santigo, (Chile)] : _bZig-Zag, _c[1964]. |
||
| 300 |
_axxix, 243 p. ; _c21 cm. |
||
| 504 | _aIncluye notas al pie de las páginas. | ||
| 650 | 4 |
_aLiteratura latinoamericana _xHistoria y crítica _95706 |
|
| 999 |
_c4497 _d4497 |
||